| 000 | 007660000a22002410004500 | ||
|---|---|---|---|
| 003 | LK-CoMWRAF | ||
| 005 | 20240113150042.0 | ||
| 008 | 230817t1990 ||||| |||| 00| 0 eng d | ||
| 040 |
_aLK-CoMWRAF _dLK-CoMWRAF _eLK-CoMWRAF |
||
| 041 | _aeng | ||
| 082 |
_a297.197 _bOMR |
||
| 100 | _aOmri, Syed Jalaluddin | ||
| 245 | _aWoman and Islam | ||
| 260 |
_aAligarh: _bITTI, _c1990 |
||
| 300 |
_a 103 p. ; 22 cm _bBibliography included |
||
| 490 |
_aPublication series _vno.15 |
||
| 650 | _aMuslim women- Conduct of life | ||
| 650 | _aMuslim women- Social conditions | ||
| 650 | _aWomen in the Qurʼan | ||
| 700 | _aKausar, Zeenath | ||
| 856 | _uhttps://citeseerx.ist.psu.edu/document?repid=rep1&type=pdf&doi=46996d44e1a273312da9049496172d2b34fe0102 | ||
| 942 | _cBK | ||
| 999 |
_c1647 _d1647 |
||